Statistics for nursing : a practical approach a practical approach /
Saved in:
| Main Author: | |
|---|---|
| Format: | Book |
| Language: | English |
| Published: |
Sudbury, MA :
Jones & Bartlett Learning,
c2011.
|
| Subjects: | |
| Online Access: | Visit NHRC Library |
| Tags: |
Add Tag
No Tags, Be the first to tag this record!
|
| LEADER | 01968cam a2200385 a 4500 | ||
|---|---|---|---|
| 003 | 1715 | ||
| 005 | 20220906184632.0 | ||
| 008 | 100420s2011 maua b 001 0 eng | ||
| 952 | |0 0 |1 0 |2 NLM |4 0 |6 WA_950_000000000000000_HEA_2011 |7 0 |9 1879 |a NHRC |b NHRC |c CART |d 2014-02-11 |l 0 |o WA 950/HEA/2011 |p 001715 |r 2014-02-11 |w 2014-02-11 |y BK | ||
| 999 | |c 1833 |d 1833 | ||
| 010 | |a 2010017069 | ||
| 016 | 7 | |a 101529191 |2 DNLM | |
| 020 | |a 9780763774844 (pbk.) | ||
| 035 | |a (OCoLC)ocn608618267 | ||
| 040 | |a DNLM/DLC |c DLC |d NLM |d YDXCP |d C#P |d BWX |d CDX |d DLC | ||
| 042 | |a pcc | ||
| 050 | 0 | 0 | |a RT68 |b .H43 2011 |
| 060 | 0 | 0 | |a 2010 K-486 |
| 060 | 1 | 0 | |a WA 950 |b H442s 2011 |
| 082 | 0 | 0 | |a 610.73072/7 |2 22 |
| 100 | 1 | |a Heavey, Elizabeth. |9 2099 | |
| 245 | 1 | 0 | |a Statistics for nursing : a practical approach |b a practical approach / |c Elizabeth Heavey. |
| 260 | |a Sudbury, MA : |b Jones & Bartlett Learning, |c c2011. | ||
| 300 | |a xvi, 240 p. : |b ill. (some col.) ; |c 23 cm. | ||
| 500 | |a Book | ||
| 504 | |a Includes bibliographical references and index. | ||
| 505 | 0 | |a Introduction to statistics and levels of measurement -- Presenting data -- Descriptive statistics, probability, and measures of central tendency -- Evaluating your measurement tool -- Sampling methods -- Generating the research idea -- Sample size, effect size, and power -- Chi-square -- Student t-test -- Analysis of variance (ANOVA) -- Correlation coefficients -- Relative risk, odds ratio, and attributable risk. | |
| 650 | 0 | |a Nursing |x Statistical methods. |9 2100 | |
| 650 | 0 | |a Statistics. |9 9 | |
| 650 | 1 | 2 | |a Statistics as Topic |v Nurses' Instruction. |9 2101 |
| 650 | 2 | 2 | |a Nursing Research |x methods |v Nurses' Instruction. |9 2102 |
| 856 | |u http://nhrc.gov.np/contact/ |y Visit NHRC Library | ||
| 906 | |a 7 |b cbc |c orignew |d 1 |e ecip |f 20 |g y-gencatlg | ||
| 942 | |2 NLM |c BK | ||
| 955 | |a re10 2010-06-17 telework change request |b re04 2010-08-17 CIP change request |a xe10 2011-02-24 1 copy rec'd., to CIP ver. |a xh14 2011-04-08 discard c. 2 | ||